[Event "FIDE-Wch k.o."]
[Site "Moscow"]
[Date "2001.11.27"]
[Round "1.1"]
[White "Pierrot, Juan Facundo"]
[Black "Topalov, Veselin"]
[Result "0-1"]
[WhiteElo "2427"]
[BlackElo "2733"]
[Annotator "Hecht,H"]
[PlyCount "122"]
[EventDate "2001.11.27"]
[EventType "k.o."]
[EventRounds "7"]
[EventCountry "RUS"]
[SourceTitle "CBM 086"]
[Source "ChessBase"]
[SourceDate "2002.02.05"]
[SourceVersion "1"]
[SourceVersionDate "2002.02.05"]
[SourceQuality "1"]

1. e4 c5 2. Nf3 d6 3. Bb5+ Nc6 4. O-O Bd7 5. Re1 Nf6 6. h3 e6 7. c3 a6 8. Bf1
Be7 9. d4 cxd4 10. cxd4 d5 11. e5 Ne4 12. Nbd2 Nxd2 13. Bxd2 Rc8 14. Qb3 b5 15.
Rac1 O-O 16. Qe3 Qb6 17. Bd3 f5 18. exf6 Bxf6 19. Ne5 Nxe5 20. dxe5 Qxe3 21.
Rxe3 Rxc1+ 22. Bxc1 Rc8 23. Bd2 Bd8 24. Re1 Bb6 25. Be3 Bxe3 26. fxe3 Be8 27.
Kf2 Bg6 28. Bxg6 hxg6 29. e4 Kf7 30. Ke3 dxe4 31. Re2 g5 32. Kxe4 a5 33. Rd2 {
[#] Thema: Aufbau und Ausnutzen einer allgemeinen horizontalen Sperre gegen
den weißen König.} Rc4+ 34. Ke3 g4 35. Rd4 Rc2 36. Rf4+ Kg8 37. Rf2 Rc5 38. Kd4
Rc4+ 39. Kd3 gxh3 40. gxh3 Rh4 {[%csl Rh3][%cal Gh4a4]} 41. Rf3 Kh7 42. Rg3 Kh6
43. b3 a4 44. Re3 axb3 45. axb3 Rb4 46. Kc3 Rf4 47. Kd3 g5 48. Rg3 Kg6 49. Re3
Kf5 50. Kc3 Rh4 51. Kd3 Kf4 52. Kd4 Rh8 53. Re4+ Kf5 54. Re3 Rd8+ 55. Kc5 Rd5+
56. Kb4 Kf4 57. Re1 Rd3 58. Rh1 Kxe5 59. h4 gxh4 60. Rb1 (60. Rxh4 Rd4+ 61.
Rxd4 Kxd4 62. Kxb5 e5 $19) 60... h3 61. Kxb5 h2 0-1

[Event "Presov"]
[Site "Presov"]
[Date "1999.08.22"]
[Round "9"]
[White "Berezjuk, Sergej"]
[Black "Ftacnik, Lubomir"]
[Result "0-1"]
[WhiteElo "2354"]
[BlackElo "2589"]
[Annotator "Hecht,H"]
[PlyCount "88"]
[EventDate "1999.08.14"]
[EventType "tourn"]
[EventRounds "9"]
[EventCountry "SVK"]
[EventCategory "10"]
[SourceTitle "CBM 073"]
[Source "ChessBase"]
[SourceDate "1999.12.01"]
[SourceVersion "1"]
[SourceVersionDate "1999.12.01"]
[SourceQuality "1"]

1. e4 c5 2. Nf3 d6 3. Bb5+ Nc6 4. O-O Bd7 5. Re1 Nf6 6. h3 a6 7. Bf1 e6 8. c3
Be7 9. d4 cxd4 10. cxd4 d5 11. exd5 Nxd5 12. Nc3 O-O 13. Nxd5 exd5 14. Bd3 Re8
15. Ne5 g6 16. Bf4 Nb4 17. Bb1 Rc8 18. a3 Nc6 19. Ba2 Be6 20. Rc1 Qb6 21. Nxc6
bxc6 22. Qd2 a5 23. Be5 Bd7 24. Rc3 f6 25. Bf4 Bf8 26. Rxe8 Rxe8 27. Re3 Rxe3
28. Bxe3 Bf5 29. Qc3 a4 30. b3 Qa6 31. bxa4 Qxa4 32. Qb3 Qxa3 33. Qxa3 Bxa3 {
[#]} 34. g4 $2 (34. Bb3 $8) 34... Bc2 $1 {[%csl Gb1,Gb3,Gc4]} 35. Kf1 Bb2 {
[%csl Rd4]} 36. Ke2 Bc3 {[%csl Ra2][%cal Rg8f7,Rf7e7,Re7d7,Rd7c7,Rc7b6,Rb6a5,
Ra5a4,Ra4a3] Die schwarzen Läufer wirken wie eine Mauer. Der weiße König kann
nichts tun, und die weißen Läufer sind entweder völlig tot oder an
Deckungsaufgaben gebunden.} 37. f3 Kf7 38. Bf2 Ke7 39. Ke3 (39. Bg1 Kd6 40. Bf2
Kc7 {[%csl Ra2][%cal Rc7b6,Rb6b5,Rb5a4,Ra4a3]}) 39... c5 40. dxc5 d4+ 41. Kf4
g5+ 42. Kg3 d3 43. Bc4 d2 44. Be2 Be5+ 0-1

[Event "RUS-chT 03rd"]
[Site "Kazan"]
[Date "1995.??.??"]
[Round "7"]
[White "Rublevsky, Sergei"]
[Black "Stripunsky, Alexander"]
[Result "1-0"]
[WhiteElo "2595"]
[BlackElo "2495"]
[Annotator "Hecht,H"]
[PlyCount "115"]
[EventDate "1995.??.??"]
[EventType "team-tourn"]
[EventRounds "9"]
[EventCountry "RUS"]
[SourceTitle "CBM 051"]
[Source "ChessBase"]
[SourceDate "1996.04.01"]
[SourceVersion "1"]
[SourceVersionDate "1996.04.01"]
[SourceQuality "1"]
[WhiteTeam "Novosibirsk New Siberia"]
[BlackTeam "Surgut Fakel-Surgutgazprom"]
[WhiteTeamCountry "RUS"]
[BlackTeamCountry "RUS"]

1. e4 c5 2. Nf3 Nc6 3. Bb5 d6 4. Bxc6+ bxc6 5. O-O e5 6. c3 g5 7. d4 g4 8. Nfd2
cxd4 9. cxd4 exd4 10. Nc4 Bg7 11. Bf4 Be6 12. Nxd6+ Kf8 13. Nd2 Ne7 14. Nb3 Qb6
15. Rc1 Ng6 16. Bg3 h5 17. Nf5 Rd8 18. Bd6+ Rxd6 19. Nxd6 Nf4 20. Nc5 Kg8 21.
g3 Nh3+ 22. Kg2 Ng5 23. Nxe6 fxe6 24. Qd2 Nf3 25. Qf4 Qc7 26. Ne8 Qxf4 27. gxf4
Bh6 28. Rxc6 Bxf4 29. Rc8 Rh6 30. Rd1 Kf7 31. Ra8 Rg6 32. Nc7 Bxh2 33. Rxa7 Kf6
34. Ne8+ Ke5 35. b4 h4 36. Ra5+ Kxe4 37. b5 h3+ 38. Kh1 Be5 39. b6 g3 40. fxg3
Rxg3 41. Rxe5+ Nxe5 {TS-TS: Freibauernrennen, Taktik} 42. Nf6+ Kf5 43. Rf1+ Kg6
44. b7 Nc6 45. Nd7 Rg5 (45... Ra3 46. Rf6+ Kg5 47. Rxe6 $18) 46. a4 (46. Rf6+
Kh5 47. Rxe6 Rb5 48. Rxc6 Rxb7 49. Nb6 d3 50. Nc4 Rb1+ 51. Kh2 d2 52. Nxd2 Rb2
$10) 46... d3 47. Nf8+ Kh6 (47... Kh5 48. Nxe6 Rd5 49. Nf4+ $18) 48. Nxe6 Rd5 (
48... Ra5 49. Nd4 $18) 49. Nf4 Rd7 50. Nxd3 Rxb7 (50... Rxd3 51. Rf6+ Kg5 (
51... Kg7 52. Rxc6 Rb3 53. Rc7+ Kf6 54. a5 $18) 52. Rxc6 Rb3 53. Rc5+ Kg4 54.
Rb5 $18) 51. Rf6+ Kg5 52. Rxc6 Rb3 53. Nc5 Ra3 54. Rd6 Ra2 55. Rd2 Ra1+ 56. Kh2
Kg4 57. Rd4+ Kf3 58. Rc4 1-0

[Event "DEN-ch"]
[Site "Taastrup"]
[Date "1998.04.12"]
[Round "9"]
[White "Mortensen, Erling"]
[Black "Borge, Nikolaj"]
[Result "0-1"]
[WhiteElo "2510"]
[BlackElo "2390"]
[Annotator "Hecht,H"]
[PlyCount "114"]
[EventDate "1998.04.04"]
[EventType "tourn"]
[EventRounds "9"]
[EventCountry "DEN"]
[EventCategory "9"]
[SourceTitle "CBM 065"]
[Source "ChessBase"]
[SourceDate "1998.08.06"]
[SourceVersion "1"]
[SourceVersionDate "1998.08.06"]
[SourceQuality "1"]

1. e4 c5 2. Nf3 d6 3. Bb5+ Nd7 4. c3 Ngf6 5. Qe2 a6 6. Ba4 Qc7 7. Bc2 c4 8. a4
Ne5 9. Nxe5 dxe5 10. Na3 Be6 11. d3 cxd3 12. Bxd3 Bb3 13. O-O Nd7 14. Nc4 Rc8
15. Nd2 Be6 16. a5 g6 17. c4 Bg7 18. b4 O-O 19. Ba3 Rfd8 20. Rfc1 Nb8 21. Nb3
Bh6 22. Rc2 Qd7 23. Rc3 Nc6 24. Nc5 Nd4 25. Nxd7 Nxe2+ 26. Bxe2 Rxd7 27. c5 Bd2
28. Rd3 Rcd8 29. Rxd7 Bxd7 30. Kf1 Bc6 31. Rd1 Ba4 32. Ra1 Rd4 33. f3 Bc6 34.
Rd1 Ba4 35. Ra1 Bc6 36. Rd1 Bc3 37. Rxd4 exd4 38. Bc4 e6 39. Ke2 Kf8 40. Kd3
Ke7 41. Kc2 Ba4+ 42. Kd3 Kd7 43. f4 Kc6 44. f5 Bb5 45. fxe6 fxe6 46. g4 e5 47.
h3 Be1 48. Ke2 Bxc4+ 49. Kxe1 {[#] After e4 falls, the win is childishly easy
if one doesn't allow the connected passed pawns to be blockaded. The most
important rule for the advance of connected passed pawns is that pawns be kept
on the color of the enemy bishop. Then the support of one's king plays a
decisive role. The king protects both pawns from behind before the rear pawn
advances two squares. [#] Nach dem Fall von e4 ist der Gewinn kinderleicht,
wenn man sich die verbundenen Freibauern nicht blockieren läßt. Die wichtigste
Regel für das Vorrücken der verbundenen Freibauern ist, daß die Bauern auf der
Farbe des gegnerischen Läufers gehalten werden. Dabei spielt die
Königsunterstützung die entscheidende Rolle. Der König deckt beide Bauern von
hinten, ehe der Hintermann zwei Felder vorrückt.} Bd3 50. Bc1 Bxe4 51. Bh6 Bd3
52. Kf2 Kd5 53. Kf3 e4+ 54. Kf2 e3+ 55. Kf3 (55. Ke1 Ke4 56. Bg5 Bb5 57. Bh6 d3
$19) 55... Be4+ 56. Kg3 (56. Ke2 Bg2 57. h4 Ke4) 56... Kc4 57. Bg7 d3 0-1

[Event "EU-ch 3rd"]
[Site "Batumi"]
[Date "2002.06.21"]
[Round "9"]
[White "Karadeniz, Ali Emre"]
[Black "Kempinski, Robert"]
[Result "0-1"]
[WhiteElo "2307"]
[BlackElo "2570"]
[Annotator "Hecht,H"]
[PlyCount "92"]
[EventDate "2002.06.12"]
[EventType "swiss"]
[EventRounds "13"]
[EventCountry "GEO"]
[SourceTitle "CBM 090"]
[Source "ChessBase"]
[SourceDate "2002.09.20"]
[SourceVersion "1"]
[SourceVersionDate "2002.09.20"]
[SourceQuality "1"]

1. e4 c5 2. Nf3 d6 3. Bb5+ Nd7 4. d4 Ngf6 5. Nc3 a6 6. Bxd7+ Nxd7 7. O-O cxd4
8. Qxd4 Qb6 9. Be3 Qxd4 10. Bxd4 e6 11. Rfd1 f6 12. Nd2 Be7 13. a4 Bd8 14. Nc4
Bc7 15. a5 Ke7 16. f4 Rd8 17. f5 Ne5 18. Ne3 Kf7 19. fxe6+ Bxe6 20. Ncd5 Rd7
21. Ra3 Re8 22. Bb6 Bxd5 23. Nxd5 Bxb6+ 24. Nxb6 Rc7 25. c4 Re6 26. b3 Nd7 27.
Nxd7 Rxd7 28. Rd4 Rde7 29. Ra2 Rxe4 30. Rxd6 {[#] Doppelturmendspiel mit
beiderseits aktiven Türmen.} Re3 31. Rb6 Kg6 32. Kf2 R3e5 33. h3 h5 34. g3 Kg5
35. b4 h4 36. b5 hxg3+ 37. Kxg3 Re3+ 38. Kg2 Kh4 39. bxa6 bxa6 40. Rxa6 R7e4
41. Rc6 Rxh3 42. Rf2 Ra3 43. a6 Rg4+ 44. Kf1 Kh3 45. Rd2 $4 (45. Ke2 $142 {
oder c5 eventuell in Verbindung mit Tc7 im Falle von Tga4}) 45... Ra1+ 46. Ke2
Rg2+ {Der weiße Turm auf d2 geht verloren} 0-1

[Event "Yongchuan zt 3.3"]
[Site "Yongchuan"]
[Date "2003.07.18"]
[Round "7"]
[White "Zhou, Weiqi"]
[Black "Xu, Jun"]
[Result "1/2-1/2"]
[WhiteElo "2388"]
[BlackElo "2626"]
[Annotator "Hecht,H"]
[PlyCount "147"]
[EventDate "2003.07.11"]
[EventType "tourn"]
[EventRounds "11"]
[EventCountry "CHN"]
[EventCategory "12"]
[SourceTitle "CBM 097"]
[Source "ChessBase"]
[SourceDate "2003.11.11"]
[SourceVersion "1"]
[SourceVersionDate "2003.11.11"]
[SourceQuality "1"]

1. e4 c5 2. Nf3 d6 3. Bb5+ Nd7 4. d4 Ngf6 5. Nc3 cxd4 6. Qxd4 e5 7. Qd3 h6 8.
Be3 Be7 9. a4 a6 10. Bc4 Qc7 11. O-O Nc5 12. Bxc5 Qxc5 13. Nd5 Nxd5 14. Bxd5
O-O 15. Nd2 Rb8 16. a5 Be6 17. Nb3 Qc7 18. c3 Bxd5 19. Qxd5 Rfc8 20. Rfd1 b6
21. Ra4 Bf8 22. Rd2 b5 23. Rb4 Qd8 24. g3 Rc7 25. Rc2 Rbc8 26. c4 Qd7 27. Rc3
bxc4 28. Rcxc4 Rxc4 29. Rxc4 Rb8 30. Nc5 Qg4 31. Na4 Rb5 32. Qc6 Rxa5 33. Kg2
Qe6 34. Nb6 Rc5 35. Rxc5 dxc5 36. Qxe6 fxe6 37. Nc4 Kf7 38. Kf3 Ke8 39. Ke3 Be7
40. Kd3 Kd8 41. Nd2 Kc7 42. Kc4 Kc6 43. Nb3 Kb6 44. Nc1 Kc6 45. Nd3 Bd6 46. b3
Kb6 47. h3 Kc6 48. Ne1 Kd7 49. Nf3 Kc6 50. h4 Kd7 51. h5 Kc6 52. Nh4 Kd7 53.
Ng6 Kc6 54. f4 exf4 55. gxf4 Kd7 56. e5 Bb8 57. Kxc5 Ba7+ 58. Kb4 Bb6 59. Kc4
Bf2 60. Kd3 Ke8 61. Ke4 Kf7 62. f5 Bg3 63. Nf4 exf5+ 64. Kxf5 Bxf4 65. Kxf4 {
The distant passed pawn Der entfernte Freibauer} g6 66. hxg6+ Kxg6 67. b4 $1 {
Means White can be sure of c1 when he retreats his king. Sichert Weiß das Feld
c1 beim Rückmarsch des Königs.} ({Trying to force his own passed pawn through
goes wrong: Den eigenen Freibauern forcieren zu wollen, geht schief:} 67. Ke4
$2 a5 $1 68. Kd5 Kf7 69. Kd6 (69. e6+ Ke7 70. Ke5 h5 71. Kf5 h4 72. Kg4 Kxe6
73. Kxh4 Kd5 74. Kg3 Kd4 75. Kf3 Kc3 76. Ke2 Kxb3 77. Kd2 Kb2 $19) 69... Ke8
70. Ke6 h5 71. Kf5 Ke7 72. Kg5 Ke6 73. Kxh5 Kxe5 74. Kg4 Kd4 75. Kf3 Kc3 76.
Ke2 Kxb3 77. Kd1 Kb2 $19) 67... h5 68. Ke4 h4 69. Kf4 h3 70. Kg3 Kf5 71. Kxh3
Kxe5 72. Kg2 Kd4 73. Kf2 Kc4 74. Ke2 {reaches c1. Erreicht c1.} 1/2-1/2

[Event "Sonnevanck 5th"]
[Site "Wijk aan Zee"]
[Date "1995.??.??"]
[Round "9"]
[White "Glek, Igor Vladimirovich"]
[Black "Bosch, Jeroen"]
[Result "1-0"]
[WhiteElo "2590"]
[BlackElo "2425"]
[Annotator "Horvath,Ta"]
[PlyCount "53"]
[EventDate "1995.02.??"]
[EventType "tourn"]
[EventRounds "9"]
[EventCountry "NED"]
[EventCategory "9"]
[SourceTitle "CBM 046"]
[Source "ChessBase"]
[SourceDate "1995.06.01"]
[SourceVersion "1"]
[SourceVersionDate "1995.06.01"]
[SourceQuality "1"]

1. e4 c5 2. Nf3 Nc6 3. Bb5 d6 4. O-O Bd7 5. Re1 Nf6 6. c3 a6 7. Bf1 Bg4 8. d4 (
8. h3 Bxf3 9. Qxf3 g6 $13) 8... cxd4 9. cxd4 e5 $6 (9... d5 $142) 10. d5 Nd4 (
10... Nb8 11. h3 Bxf3 12. Qxf3 g6 13. Nc3 Bg7 14. Be3 O-O 15. g3 Nbd7 $14) 11.
Be3 Nxf3+ 12. gxf3 Bh5 13. Nd2 Be7 14. Nc4 O-O 15. Bh3 $1 b5 16. Nd2 Nd7 17.
Nf1 Bg6 18. Ng3 h5 $2 (18... Bh4 $5 {/\Bg3;f5} 19. Nf5 Bxf5 20. Bxf5 Bg5 21.
Bxd7 Bxe3 22. Bc6 Qg5+ 23. Kf1 Bd4 24. Bxa8 Qh4 25. Qd2 Rxa8) 19. Kh1 h4 20.
Nf5 Bxf5 21. Bxf5 g6 22. Rg1 Kg7 23. f4 Rh8 24. fxe5 dxe5 25. d6 Bf6 26. Rc1
Kf8 27. Bh3 1-0

[Event "Gausdal MI 9394"]
[Site "Gausdal"]
[Date "1993.??.??"]
[Round "6"]
[White "Tisdall, Jonathan D"]
[Black "Sahl, Bjarke"]
[Result "1-0"]
[WhiteElo "2465"]
[BlackElo "2470"]
[Annotator "Horvath,Ta"]
[PlyCount "137"]
[EventDate "1993.12.??"]
[EventType "tourn"]
[EventRounds "9"]
[EventCountry "NOR"]
[EventCategory "9"]
[SourceTitle "CBM 040"]
[Source "ChessBase"]
[SourceDate "1994.06.01"]
[SourceVersion "1"]
[SourceVersionDate "1994.06.01"]
[SourceQuality "1"]

1. e4 c5 2. Nf3 Nc6 3. Bb5 d6 4. O-O Bd7 5. Re1 a6 (5... Nf6 6. c3 a6 7. Bxc6
Bxc6 8. d4 $44) 6. Bf1 (6. Bxc6 Bxc6 7. c4 Nf6 8. Nc3 g6 9. d4 cxd4 10. Nxd4
Bg7 11. Nxc6 bxc6 12. Qa4 Qd7 13. c5 $1 $14) 6... e6 (6... Bg4 $5 7. h3 Bxf3 8.
Qxf3 g6 $10) 7. c3 g5 $6 8. d4 g4 9. Nfd2 cxd4 10. cxd4 Nxd4 11. Nc4 e5 12. Be3
b5 13. Nxd6+ $1 Bxd6 14. Bxd4 exd4 15. Qxd4 Qc7 16. Qxh8 Bxh2+ 17. Kh1 Qe5 18.
Qxe5+ (18. Qxg8+ $2 Ke7 19. Qxa8 (19. Qxh7 Rh8 $19) 19... Qh5 $19) (18. Qxh7 $1
Nh6 19. Qxh6 Ke7 (19... O-O-O 20. Qxh2 Rh8 21. g3 Rxh2+ 22. Kxh2 Qxb2 23. Nc3
$1 $18) 20. Qh4+ Ke6 (20... Kd6 21. Rd1+ Kc7 22. Qxh2 Rh8 23. g3 $1 $18) 21.
Qxg4+ Ke7 22. Qh4+ Ke6 23. g3 Rh8 24. Bh3+ Kd6 25. Rd1+ $18) 18... Bxe5 19. Nc3
Rc8 $2 (19... g3 $142 $1) 20. g3 $1 (20. Rac1 g3 $44) 20... Bxc3 21. bxc3 Rxc3
22. a3 Nf6 23. Bg2 Ke7 24. Rec1 $1 $18 Rxc1+ 25. Rxc1 Kd6 26. Kg1 a5 27. Kf1
Be6 28. Ke2 Nd7 29. Ke3 Ne5 30. Bf1 b4 31. axb4 axb4 32. Be2 h6 33. Kd2 Ba2 34.
Rh1 Kc5 35. Rxh6 Be6 36. Rh8 Kd4 37. Rb8 Nc4+ 38. Kc2 Na3+ 39. Kb2 Nc4+ 40. Kc2
Na3+ 41. Kb2 Nc4+ 42. Bxc4 Kxc4 43. Rd8 Kc5 44. Rb8 Kc4 45. Kc2 Kc5 46. Kd3
Bc4+ 47. Kd2 Be6 48. Kc2 Kc4 49. Rb7 Kc5 50. Kd3 Bc4+ 51. Ke3 Be6 52. Rc7+ Kb6
53. Rc1 Kb5 54. Kd4 Ka4 55. Rc7 Ka3 56. Rb7 Ba2 57. e5 Be6 58. Rb8 Ba2 59. Rb6
Be6 60. Rb7 b3 61. Kc3 Ka4 62. Rb8 Ka5 63. Rb4 Ka6 64. Kd4 Ka5 65. Kc5 Ka6 66.
Rb8 Ka7 67. Rb6 Bc4 68. Rb4 Be6 69. Kc6 1-0

[Event "Mermaid Beach Club"]
[Site "Bermuda"]
[Date "1997.??.??"]
[Round "6"]
[White "Shaked, Tal"]
[Black "Ashley, Maurice"]
[Result "1-0"]
[WhiteElo "2445"]
[BlackElo "2465"]
[Annotator "Horvath,Ta"]
[PlyCount "65"]
[EventDate "1997.01.??"]
[EventType "tourn"]
[EventRounds "11"]
[EventCountry "BER"]
[EventCategory "11"]
[SourceTitle "CBM 058"]
[Source "ChessBase"]
[SourceDate "1997.06.01"]
[SourceVersion "1"]
[SourceVersionDate "1997.06.01"]
[SourceQuality "1"]

1. e4 c5 2. Nf3 d6 3. Bb5+ Nd7 4. d4 Ngf6 5. Nc3 cxd4 6. Qxd4 e5 7. Qd3 h6 8.
Be3 Be7 9. O-O O-O 10. Bc4 Nb6 11. Bb3 Be6 12. Nh4 Rc8 13. Ng6 Re8 14. Nxe7+ {
Warum nicht die bekannte Fortsetzung ,die nach heutiger Theorie besser für
Weiß ist:} (14. Bxe6 fxe6 15. Nb5 a6 16. Nxe7+ Rxe7 17. Nxd6 Rc6 (17... Rd7 $2
18. Bxb6 Qxb6 19. Nxc8 $18) 18. Bxb6 Qxb6 19. Nc4 Qd4 20. Na5 Qxd3 21. cxd3 Rc2
22. Nc4 $16 {Djurhuus-Koch/Groningen/1986}) 14... Rxe7 15. Rfd1 Rd7 $2 (15...
Nc4 $1 16. Bxc4 Rxc4 17. Qxd6 (17. Bxa7 b6 18. Nb5 Ra4 19. Qxd6 $2 Rd7 $19)
17... Qxd6 18. Rxd6 Nxe4 19. Nxe4 Rxe4 20. Bxa7 Ra4 21. Be3 (21. Bc5 Rc7 $10)
21... Rxa2 22. Rxa2 Bxa2 $10) 16. Nd5 $1 Nbxd5 17. exd5 Bg4 18. Rdc1 a6 19. c4
Bh5 20. Ba4 Bg6 21. Qb3 Rdc7 (21... Re7 22. Bb6 Qf8 23. c5 $1 $16) 22. Bb6 $18
Nxd5 23. Bxc7 Nxc7 24. Qxb7 Rb8 25. Qf3 Rxb2 26. Qc3 Re2 27. Bd1 Re4 28. Bc2
Rf4 29. Bxg6 fxg6 30. c5 Nd5 31. Qb3 dxc5 32. Rxc5 Rd4 33. Rd1 $1 1-0

[Event "Hastings 9495"]
[Site "Hastings"]
[Date "1994.??.??"]
[Round "1"]
[White "Madl, Ildiko"]
[Black "Nunn, John DM"]
[Result "1/2-1/2"]
[WhiteElo "2415"]
[BlackElo "2625"]
[Annotator "Horvath,Ta"]
[PlyCount "64"]
[EventDate "1994.12.??"]
[EventType "tourn"]
[EventRounds "9"]
[EventCountry "ENG"]
[EventCategory "9"]
[SourceTitle "CBM 045"]
[Source "ChessBase"]
[SourceDate "1995.04.01"]
[SourceVersion "1"]
[SourceVersionDate "1995.04.01"]
[SourceQuality "1"]

1. e4 c5 2. Nf3 d6 3. Bb5+ Nd7 4. d4 Ngf6 (4... cxd4 5. Qxd4 a6 6. Bxd7+ Bxd7
7. Nc3 (7. c4 $5) 7... e5 8. Qd3 h6 9. Nd2 $5 Rc8 10. Nc4 Be6 11. Ne3 Nf6 12.
O-O Be7 $13 {Horvath,T-Mowsziszian/Bundesliga/1994/95}) 5. Nc3 cxd4 6. Qxd4 e5
7. Qd3 h6 8. a4 a6 9. Bc4 Nc5 (9... Be7 10. O-O b6 11. Be3 Bb7 $13) 10. Qe2 Be7
11. h3 Bd7 12. O-O O-O (12... Bc6 $5 13. Bd5 Bxd5 (13... Nxd5 $2 14. exd5 Bd7
15. b4 $18) 14. exd5 O-O 15. Be3 Rc8 $13) 13. Rd1 Nxa4 14. Nxa4 b5 15. Bb3 bxa4
16. Bxa4 Bb5 $1 17. Bxb5 axb5 18. Bd2 Ra4 19. Rxa4 bxa4 20. Bb4 Qb6 21. c3 Qb7
22. Bxd6 Bxd6 23. Rxd6 Nxe4 24. Ra6 Nc5 25. Ra5 Qc7 26. Rb5 e4 27. Nd4 Rb8 28.
Qc4 Rxb5 29. Qxb5 g6 30. b4 axb3 31. Nxb3 Ne6 32. Nd4 Nxd4 1/2-1/2

[Event "Altensteig"]
[Site "Altensteig"]
[Date "1995.??.??"]
[Round "5"]
[White "Grosar, Aljosa"]
[Black "Hracek, Zbynek"]
[Result "0-1"]
[WhiteElo "2485"]
[BlackElo "2635"]
[Annotator "Horvath,Ta"]
[PlyCount "88"]
[EventDate "1995.08.??"]
[EventType "tourn"]
[EventRounds "11"]
[EventCountry "GER"]
[EventCategory "12"]
[SourceTitle "CBM 049"]
[Source "ChessBase"]
[SourceDate "1995.12.01"]
[SourceVersion "1"]
[SourceVersionDate "1995.12.01"]
[SourceQuality "1"]

1. e4 c5 2. Nf3 Nc6 3. Bb5 d6 4. O-O Bd7 5. Re1 Nf6 6. c3 a6 7. Bf1 Bg4 8. h3
Bh5 9. d3 e6 10. Nbd2 Be7 11. g4 Bg6 12. Nh4 Nd7 (12... d5 13. f4 dxe4 14. dxe4
Nd7 15. Nhf3 h5 16. f5 $13 {Arhipov-Dokhonjan/Münster/1993}) 13. Nxg6 hxg6 14.
Bg2 (14. f4 g5 $1 15. f5 Nde5 16. Nf3 Bf6 17. Be3 $13 {Brynell-Kristensen/
Copenhagen/1991}) 14... Bg5 (14... Nde5 $5 15. Nf1 g5 16. Ng3 c4 17. d4 Nd3 $13
{Boksberger-Menacher/corr./1991}) 15. d4 (15. Nc4 Bxc1 16. Rxc1 (16. Nxd6+ $2
Ke7 17. Nxb7 Qb6 18. Rxc1 Qxb7 19. d4 Rhd8 $17) 16... Qc7 $10) 15... Qc7 16.
Nc4 Bxc1 17. Rxc1 b5 18. Ne3 (18. Nxd6+ Qxd6 19. e5 Qc7 20. d5 exd5 $2 (20...
Ndxe5 $1 21. dxc6 Rd8 $17) 21. Qxd5 Rc8 22. e6 $40) 18... Rd8 19. d5 exd5 20.
Nxd5 Qa7 21. Qd2 Nde5 $1 22. f4 c4+ 23. Re3 Nd3 24. Rd1 Ne7 $1 $17 25. Kh2 (25.
Nxe7 Nxb2 26. Nc6 Qc5 27. Nxd8 Nxd1 $19) 25... Nxb2 $1 26. Rb1 Nd3 27. a4 O-O
28. axb5 Nxd5 29. exd5 axb5 30. Rxb5 Rb8 31. Rxb8 Rxb8 32. Rxd3 cxd3 33. Qxd3
Qf2 $19 34. Qg3 Qxg3+ 35. Kxg3 Rb3 36. Bf3 Rxc3 37. g5 Kf8 38. Kg4 Ke7 39. Be4
Re3 40. Bc2 Kd8 41. h4 Rc3 42. Be4 Kc7 43. h5 gxh5+ 44. Kxh5 Rc4 0-1

[Event "Olympiad-34"]
[Site "Istanbul"]
[Date "2000.10.29"]
[Round "2.2"]
[White "Rocha, Sergio MC"]
[Black "Hracek, Zbynek"]
[Result "1/2-1/2"]
[WhiteElo "2374"]
[BlackElo "2612"]
[Annotator "Hracek,Z"]
[PlyCount "78"]
[EventDate "2000.10.28"]
[EventType "team-swiss"]
[EventRounds "14"]
[EventCountry "TUR"]
[SourceTitle "EXT 2001"]
[Source "ChessBase"]
[SourceDate "2000.11.22"]
[SourceVersion "1"]
[SourceVersionDate "2000.11.22"]
[SourceQuality "1"]
[WhiteTeam "Portugal"]
[BlackTeam "Czech Republic"]
[WhiteTeamCountry "POR"]
[BlackTeamCountry "CZE"]

1. e4 c5 2. Nf3 d6 3. Bb5+ Nc6 4. O-O Bd7 5. Re1 Nf6 6. c3 a6 7. Bf1 Bg4 8. d4
cxd4 9. cxd4 d5 10. e5 Nd7 11. h3 Bxf3 12. Qxf3 e6 13. Be3 g6 (13... Qb6 {
se mi zdalo riskantni} 14. Nc3 Qxb2 15. Nxd5 $5 exd5 16. Qxd5 $36) 14. Nd2 Bg7
15. Qd1 O-O 16. Nf3 Rc8 17. h4 f6 18. exf6 Nxf6 (18... Qxf6 $5 19. Qb3 $14) 19.
Ng5 Qd6 20. g3 Ne4 21. Nxe4 dxe4 22. Bg2 Nxd4 23. Bxe4 Rcd8 24. Qg4 (24. h5 Qe5
25. Bxd4 Rxd4 26. Qe2 Qxh5 $11) 24... Nf5 25. Bf4 Qb6 $1 26. h5 e5 27. Be3 $2 (
27. Bg5 $1 Rd4 28. Rad1 gxh5 (28... Qxb2 $5) 29. Qh3 $1 $14 (29. Qxh5 Rxe4 $19)
29... Rxe4 30. Rxe4 Qg6 31. Be3 Nxg3 32. Rb4 Nf5+ 33. Qg2) 27... Nxe3 28. Rxe3
Rd2 $1 $15 (28... Rxf2 29. Kxf2 Qxb2+ 30. Qe2 (30. Re2 Rf8+ 31. Kg2 Qxa1 32.
hxg6 Qf1+ 33. Kh2 hxg6 34. Bd5+ Kh7 35. Qh4+ Bh6 36. Qe7+ Kh8 37. Qxe5+ Bg7 38.
Qe6 b5) 30... Qxa1 (30... Rd2 31. Rd1 Rxe2+ 32. Rxe2 Qb6+ 33. Kg2 gxh5 34. Rb1
$36) 31. hxg6 hxg6 32. Bxb7) 29. hxg6 Rdxf2 30. gxh7+ Kh8 31. Rae1 Qxb2 32.
R3e2 Qd4 33. Kh1 R2f6 $2 (33... R8f6 $1 {dava velice dobre sance na vyjru} 34.
Re3 $8 Rxa2 35. R3e2 Qc3 $17 36. Rd1 Ra1) 34. Kg2 b5 35. Rc1 Qb6 36. Rc8 Rxc8
37. Qxc8+ Rf8 38. Qg4 Qf6 39. Rc2 Qf1+ (39... Qf1+ 40. Kh2 Rf2+ 41. Rxf2 Qxf2+
42. Kh3 Qf1+ 43. Kh4 Qf6+ 44. Qg5 b4 45. Qxf6 Bxf6+ 46. Kh5 a5 47. Kg6 Bg7 48.
Bc6 e4 49. Bxe4 a4 $11) 1/2-1/2